Countries that Send the Most Students to Study in India - Statistics

General Stats
  • This quiz has been taken 265 times
  • The average score is 10 of 15
Answer Stats
Students Country % Correct
2,259 Bangladesh
93%
13,880 Nepal
91%
1,851 Bhutan
86%
1,627 United States
86%
1,168 Sri Lanka
84%
4,504 Afghanistan
77%
864 Iran
75%
683 Canada
66%
1,353 Malaysia
60%
1,347 United Arab Emirates
54%
1,525 Nigeria
43%
695 Ethiopia
38%
1,152 Tanzania
37%
1,437 Yemen
36%
1,758 Sudan
26%
No matching quizzes found
Score Distribution
Percent of People with Each Score
Percentile by Number Answered
Your Score History
You have not taken this quiz